Loading...
| Current Events | 1 | 10.00 | 100% | 0% | 0% |
| Fine Arts - Classical Music | 5 | 8.00 | 60% | 20% | 0% |
| Fine Arts - Other | 3 | 10.00 | 100% | 0% | 0% |
| Fine Arts - Painting and Sculpture | 5 | 8.00 | 60% | 20% | 0% |
| Geography | 1 | 10.00 | 100% | 0% | 0% |
| History - American | 6 | 20.00 | 100% | 83% | 17% |
| History - European | 5 | 20.00 | 100% | 60% | 40% |
| History - Other | 3 | 20.00 | 100% | 67% | 33% |
| History - World | 5 | 22.00 | 100% | 100% | 20% |
| Literature - American | 9 | 16.67 | 100% | 22% | 44% |
| Literature - British | 3 | 3.33 | 33% | 0% | 0% |
| Literature - European | 3 | 10.00 | 100% | 0% | 0% |
| Literature - World | 2 | 10.00 | 100% | 0% | 0% |
| Mythology | 6 | 13.33 | 100% | 17% | 17% |
| Other Academic | 2 | 15.00 | 100% | 50% | 0% |
| Philosophy | 2 | 0.00 | 0% | 0% | 0% |
| Pop Culture | 3 | 16.67 | 100% | 33% | 33% |
| Religion | 5 | 12.00 | 100% | 20% | 0% |
| Science - Biology | 5 | 12.00 | 100% | 0% | 20% |
| Science - Chemistry | 4 | 7.50 | 75% | 0% | 0% |
| Science - Other | 3 | 13.33 | 100% | 33% | 0% |
| Science - Physics | 2 | 10.00 | 100% | 0% | 0% |
| Social Science | 6 | 13.33 | 100% | 33% | 0% |